Movies Quiz

Random Movies or Disney Quiz

Let's Dance! Disney Edition Quiz Stats

Quiz Updated Apr 5, 2015

Challenge
Share
Tweet
Score 0/20 Timer 08:00
4 Plays Today
% Correct
Beauty and the Beast
99.8%
The Lion King
98.1%
Cinderella
97.1%
Snow White and the Seven Dwarfs
96.4%
The Jungle Book
95.6%
The Little Mermaid
95.5%
Frozen
95.1%
Lilo & Stitch
94.6%
Tangled
91.1%
Hercules
90.9%
% Correct
The Aristocats
89.7%
A Bug's Life
89.6%
The Emperor's New Groove
85.7%
Monsters University
85.1%
Tarzan
84.6%
The Hunchback of Notre Dame
83.1%
Mulan
82.7%
Mary Poppins
80.6%
The Sword in the Stone
69.3%
Oliver & Company
67.1%

You're not logged in!

Compare scores with friends on all Sporcle quizzes.
Sign Up with Email
OR
Log In

You Might Also Like...

Show Comments

Extras

Top Quizzes Today


Score Distribution

Your Account Isn't Verified!

In order to create a playlist on Sporcle, you need to verify the email address you used during registration. Go to your Sporcle Settings to finish the process.